000 01340cam a22003373a 4500
001 993
005 20231124110353.0
020 _a078073003501
040 _aSJP
_cSJP
_dSLC
_dVYL
_dOCL
_dXY4
_dBTCTA
_dNZHSD
_dYDXCP
_dOCLCG
_dGRR
_dDLC
_beng
050 0 0 _aPZ7.M3467585
082 _a813
100 1 _aMartin, Ann M.
_d1955-
245 1 0 _aJessi and the awful secret /
_cAnn M. Martin
250 _aFirst Scholastic printing, February 1993
260 _aNew York :
_bScholastic Inc.,
_c1993
300 _a147 pages :
_c20 cm
_billustrations ;
490 1 _aThe Baby-sitters Club ;
_vBook 61
490 0 _aApple paperback
500 _a"An Apple paperback."
500 _a"RL4"--P. [4] of cover.
505 _aR
520 _aOnly Jessi knows what's really wrong with one of the girls in her dance class. Jessi volunteers to help out in a ballet class for children. While helping, Jessi discovers a secret about Mary, one that could hurt her. Jessi has to decide if she should tell someone and risk losing a friendship.
521 _a690
_bLexile
521 _aR
_bRaz-Plus
650 0 _aBabysitters
_vJuvenile fiction.
650 1 _aBabysitters and babysitting
_vFiction.
650 1 _aFriends
_vFiction.
655 7 _aYoung adult fiction.
_2lcsh
906 _a7
_bcbc
_ccopycat
_d2
_encip
_f20
_gy-genrareb
942 _2ddc
_cBK
_n0
999 _c993
_d993